Principles of discontinuous dynamical systems (Record no. 4412)
[ view plain ]
| 000 -LEADER | |
|---|---|
| fixed length control field | 00518 a2200157 4500 |
| 000 - LEADER | |
| fixed length control field | BKB |
| 001 - CONTROL NUMBER | |
| control field | 071056 |
| 005 - DATE AND TIME OF LATEST TRANSACTION | |
| control field | 20200902150922.0 |
| 008 - FIXED-LENGTH DATA ELEMENTS--GENERAL INFORMATION | |
| fixed length control field | |
| 082 ## - DEWEY DECIMAL CLASSIFICATION NUMBER | |
| Classification number | 515.5 |
| Item number | A47P |
| 100 1# - MAIN ENTRY--PERSONAL NAME | |
| Personal name | Akhmet, Marat |
| 245 1# - TITLE STATEMENT | |
| Title | Principles of discontinuous dynamical systems |
| Statement of responsibility, etc | by Marat Akhmet |
| 260 ## - PUBLICATION, DISTRIBUTION, ETC. (IMPRINT) | |
| Place of publication, distribution, etc | New York |
| Name of publisher, distributor, etc | Springer |
| Date of publication, distribution, etc | 2010 |
| 300 ## - PHYSICAL DESCRIPTION | |
| Extent | 176p. |
| 690 ## - LOCAL SUBJECT ADDED ENTRY--TOPICAL TERM (OCLC, RLIN) | |
| Topical term or geographic name as entry element | Discontinuous functions; Differentiable dynamical systems; Differential equations; Differential equations, Partial |
| Withdrawn status | Lost status | Damaged status | Not for loan | Home library | Current library | Date acquired | Cost, normal purchase price | Total Checkouts | Full call number | Barcode | Date last seen | Price effective from | Koha item type |
|---|---|---|---|---|---|---|---|---|---|---|---|---|---|
| Central University Of Rajasthan | Central University Of Rajasthan | 07/03/2012 | 4957.70 | 515.5 A47P | 5343 | 21/11/2024 | 02/09/2020 | Books |
